[Event "Frankfurt-ch"]
[Site "Frankfurt"]
[Date "2009.05.18"]
[Round "4"]
[White "Sarkozy, Benjamin"]
[Black "Richter, Tobias"]
[Result "0-1"]
[WhiteElo "1820"]
[BlackElo "2099"]
[PlyCount "86"]
[EventDate "2009.04.27"]
[EventType "tourn"]
[EventRounds "7"]
[EventCountry "GER"]
[SourceTitle "EXT 2010"]
[Source "ChessBase"]
[SourceDate "2010.11.25"]
[SourceVersion "1"]
[SourceVersionDate "2010.11.25"]
[SourceQuality "1"]

1. d4 Nf6 2. Nf3 e6 3. Bg5 h6 4. Bh4 c5 5. c3 Qb6 6. Qb3 Nc6 7. e3 d5 8. Nbd2 Bd7 9. Bd3 Qc7 10. Bg3 Bd6 11. dxc5 Bxg3 12. hxg3 e5 13. e4 Be6 14. Qc2 0-0-0 15. 0-0 Rd7 16. exd5 Rxd5 17. b4 Rhd8 18. Bc4 R5d7 19. Bxe6 fxe6 20. Rfe1 Rd5 21. Nc4 Kb8 22. Nd6 b6 23. Rab1 bxc5 24. bxc5+ Ka8 25. Rb7 Qa5 26. Rb5 Qa3 27. Reb1 Qa6 28. c4 Nd4 29. Nxd4 Rxd4 30. Qb3 Nd7 31. Qf3+ e4 32. Nxe4 Ne5 33. Qb3 Nd7 34. Nd6 Qc6 35. Qa4 Nb6 36. Rxb6 Qxa4 37. R6b4 Rd1+ 38. Kh2 Qc2 39. Nb5 R1d7 40. c6 a5 41. R4b2 Qxc4 42. cxd7 Rxd7 43. Na3 Qc5 0-1

[Event "Main Vogelsberg op 4th"]
[Site "Heusenstamm"]
[Date "2009.05.03"]
[Round "7"]
[White "Sarkozy, Benjamin"]
[Black "Haftmann, Rainer"]
[Result "1-0"]
[WhiteElo "1855"]
[BlackElo "1877"]
[PlyCount "109"]
[EventDate "2009.04.30"]
[EventType "swiss"]
[EventRounds "7"]
[EventCountry "GER"]
[SourceTitle "CBM 130 Extra"]
[Source "ChessBase"]
[SourceDate "2009.07.02"]
[SourceVersion "2"]
[SourceVersionDate "2009.07.15"]
[SourceQuality "1"]

1. d4 Nf6 2. Bg5 d5 3. Bxf6 exf6 4. e3 Bd6 5. g3 0-0 6. Bg2 c6 7. Ne2 Re8 8. 0-0 Nd7 9. Nd2 f5 10. c4 Nf6 11. Nc3 Be6 12. c5 Bc7 13. Qc2 Ne4 14. b4 a6 15. a4 Rc8 16. Rfb1 h5 17. Nf3 Qf6 18. Ne2 g5 19. h4 g4 20. Ne1 Qh6 21. Qc1 Re7 22. Nd3 Rce8 23. b5 axb5 24. axb5 Bd7 25. bxc6 Bxc6 26. Bxe4 fxe4 27. Ndf4 Qh7 28. Kg2 Qf5 29. Qc3 Re6 30. Qb3 Rf6 31. Kh2 Qd7 32. Kg2 Rf5 33. Kh2 Qe7 34. Ra7 Qf6 35. Qc3 Kh7 36. Rb2 Bxf4 37. Nxf4 Kg7 38. Rba2 Kh6 39. Ra8 Qe7 40. Qb3 Rxa8 41. Rxa8 Qf6 42. Qc3 Qg7 43. Qa1 Qf6 44. Rf8 Kh7 45. Rb8 Kg7 46. Kg2 Kh7 47. Rc8 Qe7 48. Qa8 Qf6 49. Qb8 Qg7 50. Rd8 Qf6 51. Qc8 Rxf4 52. gxf4 Qg7 53. Kg3 Qf6 54. Rd6 Qg7 55. Qf5+ 1-0

[Event "Main Vogelsberg op 4th"]
[Site "Heusenstamm"]
[Date "2009.05.02"]
[Round "4"]
[White "Winand, Edgar"]
[Black "Sarkozy, Benjamin"]
[Result "0-1"]
[WhiteElo "2055"]
[BlackElo "1855"]
[PlyCount "92"]
[EventDate "2009.04.30"]
[EventType "swiss"]
[EventRounds "7"]
[EventCountry "GER"]
[SourceTitle "CBM 130 Extra"]
[Source "ChessBase"]
[SourceDate "2009.07.02"]
[SourceVersion "2"]
[SourceVersionDate "2009.07.15"]
[SourceQuality "1"]

1. g4 c6 2. Bg2 d5 3. h3 e5 4. d3 Bd6 5. Nc3 Ne7 6. e4 Be6 7. Bg5 f6 8. Bh4 Qb6 9. Nge2 d4 10. Na4 Qa5+ 11. c3 b5 12. b4 Qxa4 13. Qxa4 bxa4 14. a3 g5 15. Bg3 dxc3 16. Nxc3 a5 17. b5 Nd7 18. bxc6 Nxc6 19. Nb5 Ke7 20. d4 Bc4 21. Nxd6 Kxd6 22. Rd1 Ke7 23. Rc1 Bb5 24. h4 h6 25. hxg5 hxg5 26. Rxh8 Rxh8 27. d5 Nd4 28. Rc7 Kd6 29. Rb7 Rc8 30. f3 Rc1+ 31. Kf2 Rc7 32. Rxc7 Kxc7 33. Ke3 Nc2+ 34. Kd2 Nxa3 35. Kc3 Kd6 36. Bf2 Nc5 37. Be3 Nc4 38. Bc1 Nb3 39. Bb2 Nxb2 40. Kxb2 Nd2 41. Kc3 a3 42. Kc2 Bc4 43. Kc3 a2 44. Kb2 a4 45. Ka1 Nb1 46. Kb2 Nc3 0-1

[Event "Frankfurt-ch"]
[Site "Frankfurt"]
[Date "2008.04.28"]
[Round "1"]
[White "Sarkozy, Benjamin"]
[Black "Wehhofer, Josef"]
[Result "0-1"]
[WhiteElo "1787"]
[BlackElo "1634"]
[PlyCount "94"]
[EventDate "2008.04.28"]
[EventType "swiss"]
[EventRounds "7"]
[EventCountry "GER"]
[SourceTitle "EXT 2009"]
[Source "ChessBase"]
[SourceDate "2008.11.26"]
[SourceVersion "1"]
[SourceVersionDate "2008.11.26"]
[SourceQuality "1"]

1. e4 e5 2. Nf3 Nf6 3. Nxe5 d6 4. Nf3 Nxe4 5. d4 Bg4 6. Bd3 Nf6 7. 0-0 Nc6 8. c3 Be7 9. Bg5 h6 10. Be3 0-0 11. Nbd2 d5 12. h3 Be6 13. Bf4 Bd6 14. Ne5 Bxe5 15. dxe5 Nd7 16. Qh5 f5 17. exf6 Nxf6 18. Qe2 Qd7 19. Bc2 Bf5 20. Bxf5 Qxf5 21. Bxc7 Rf7 22. Bg3 Qc2 23. Qd1 Qxb2 24. Qc1 Qb6 25. Re1 Nh5 26. Rb1 Qc5 27. Nb3 Qc4 28. Bd6 Rd8 29. Bc5 Nf4 30. Qe3 Nd3 31. Re2 Qxc3 32. Rd2 Nce5 33. Rc1 d4 34. Qg3 Nxc1 35. Qxc3 Ne2+ 36. Rxe2 dxc3 37. Rxe5 c2 38. Be3 Rd1+ 39. Kh2 Rc7 40. Bc1 b6 41. Re4 b5 42. Kg3 a5 43. Rd4 Re1 44. f3 a4 45. Kf2 Rd1 46. Ke2 axb3 47. Rxd1 cxd1Q+ 0-1